Statistics for Literature by Letter 'N' (Multiple Choice)

Click here to take the quiz!

General Stats

  • This quiz has been taken 5 times
  • The average score is 2 of 5

Answer Stats

QuestionAnswer% Correct
William Lee. 'Lee the Agent'. Junkie. USA. Mexico. Tangier. 'Annexia'.The Naked Lunch
80%
James Wait. Dying West Indian sailor. Some of his shipmates are sympathetic to his plight... others are not. High jinks on the high seas. Considered by some the author's best work.The ______ of the 'Narcissus'
60%
A psychotic, serial killer brutally slays a working girl in Warsaw. Later, another in Paris. A policeman is obsessed with bringing him to justice regardless of what is happening around him.Night of the Generals
20%
'Costaguana'. Sulaco. Charles Gould. Silver mine. Dictator Ribiera. General Montero. Revolution.Nostromo
20%
Elijah Baley. Rikaine Delmarre. R. Daneel Olivaw. Solaria.The Naked Sun
20%

Score Distribution

Percentile by Number Answered

Percent of People with Each Score

Your Score History

You have not taken this quiz